| 000 | 00878 a2200325 4500 | ||
|---|---|---|---|
| 502 | _aThèse de Doctorat | ||
| 260 | _aWageningen | ||
| 653 | 1 | _aAgronomie | |
| 100 | _aPHUNG, Thuy Phuong | ||
| 041 | _bEn | ||
| 260 | _bUniversité de Wageningen | ||
| 300 | _a236 p. | ||
| 245 | _aEcological modernisation of industrial estates in Viet Nam | ||
| 650 | _aPOLITIQUE ENVIRONNEMENTALE | ||
| 650 | _aMODERNISATION | ||
| 650 | _aGESTION | ||
| 650 | _aINNOVATION | ||
| 650 | _aPAYS DEVELOPPES | ||
| 260 | _c05 june 2002 | ||
| 300 | _bIll., Couv. ill. ; 24 cm | ||
| 130 | _lEn | ||
| 710 | _aWageningen University | ||
| 040 | _aSupport | ||
| 041 | _bEn | ||
| 100 | _uAbomey-Calavi, Université d'Abomey-Calavi, Faculté des Sciences Agronomiques, Bj | ||
| 651 | _aVIET NAM | ||
| 690 | _aECOLOGICAL MODERNISATION | ||
| 020 | _a90-5808-668-2 | ||
| 999 |
_c31795 _d31795 |
||